Khái thuật phật giáo Ấn Độ

Đây là cuốn sách có nội dung tương đối rộng, nên gọi là “Khái thuật”, vấn đề chủ yếu là nằm ở tình hình nhìn nhận đánh giá chung và hiện tượng được sản sinh trong lịch sử. Xét về lĩnh vực giáo lý thì nội dung cuốn sách này chưa chuy...

وصف كامل

محفوظ في:
التفاصيل البيبلوغرافية
التنسيق: كتاب
اللغة:Undetermined
منشور في: Hà Nội Phương Đông 2009
الموضوعات:
الوسوم: إضافة وسم
لا توجد وسوم, كن أول من يضع وسما على هذه التسجيلة!
Thư viện lưu trữ: Trung tâm Học liệu Trường Đại học Cần Thơ
LEADER 01488nam a2200205Ia 4500
001 CTU_154889
008 210402s9999 xx 000 0 und d
020 |c 69000 
082 |a 294.354 
082 |b Kh103 
245 0 |a Khái thuật phật giáo Ấn Độ 
245 0 |c Thích Hoàng Trí dịch 
260 |a Hà Nội 
260 |b Phương Đông 
260 |c 2009 
520 |a Đây là cuốn sách có nội dung tương đối rộng, nên gọi là “Khái thuật”, vấn đề chủ yếu là nằm ở tình hình nhìn nhận đánh giá chung và hiện tượng được sản sinh trong lịch sử. Xét về lĩnh vực giáo lý thì nội dung cuốn sách này chưa chuyên sâu vì chuyên tập có liên quan đến Phật giáo Ấn Độ có đến 8 cuốn. Nếu đưa thêm những giáo nghĩa khác vào chuyên tập có liên quan đến Ấn Độ thì bộ Tùng san này sẽ có hơn một nửa là tác phẩm bao gồm các vấn đề về Phật giáo Ấn Độ, như chuyên tập viết về Duy thức, cho đến việc nghiên cứu các vấn đề căn bản như Câu-xá, Nhân minh... 
650 |a Buddhism,Đạo Phật 
650 |z India,Ấn Độ 
904 |i Năm 
980 |a Trung tâm Học liệu Trường Đại học Cần Thơ